000 02009cam a2200457 i 4500
999 _c66201
_d66201
001 768714001
003 CO-MdFUSB
005 20200621183558.0
007 ta
008 971209t1998 ne b 001 0 eng
010 _a97051646
011 _aa
020 _a9004107053
_qalkaline paper
020 _a9004107053
_qalkaline paper
040 _aDLC
_beng
_cCO-MdFUSB
_dOHX
_dCO-MdFUSB
_dNNY
_dMvI
_erda
041 1 _aeng
_hger
082 _223
_a808
_bL388
100 1 _aLausberg, Heinrich.
_eautor
240 1 0 _aHandbuch der literarischen Rhetorik.
245 1 0 _aHandbook of literary rhetoric :
_ba foundation for literary study /
_cHeinrich Lausberg ; prólogo por George A. Kennedy ; traducido por Matthew T. Bliss, Annemiek Jansen, David E. Orton ; editado por David E. Orton & R. Dean Anderson.
264 1 _aLeiden ;
_aBoston :
_bBrill,
_c[1998]
264 4 _c© 1998
300 _axxix, 921 páginas;
_c25 cm.
336 _atexto
_btxt
_2rdacontent.
337 _asin mediación
_bn
_2rdamedia.
338 _avolumen
_bnc
_2rdacarrier.
504 _aIncluye referencias bibliográficas (páginas (555 -595) e índice.
505 _aSecta. Uno: Definición y lugar de la retórica . -- Sect. Dos: Organización y lugar de la retórica. -- Primera parte: De arte. -- Capítulo uno: Materia artis. -- Capítulo dos: Partes artis. -- Capítulo tres: Ejercicio / Poética. -- Medios miméticos. -- Objetos de mimesis - Tipos de mimesis / Lista de abreviaturas y bibliografía / Índice de términos. -- latín. -- griego. -- francés.
563 _aRústico
653 _aRetorica antigua
700 _aKennedy, George A.
_94321
_eprologuista
700 _aBliss, Matthew T.
_94322
_etraductor
700 _aJansen, Annemiek ‎
_94323
_etraductor
700 _aOrton, David E.
_94324
_etraductor
700 _aAnderson, Dean ‎
_94325
_eeditor
942 _cBK
945 _aJTF-925